| 000 -LEADER |
| fixed length control field |
00979nam a22002417a 4500 |
| 003 - CONTROL NUMBER IDENTIFIER |
| control field |
OSt |
| 005 - DATE AND TIME OF LATEST TRANSACTION |
| control field |
20260122200235.0 |
| 008 - FIXED-LENGTH DATA ELEMENTS--GENERAL INFORMATION |
| fixed length control field |
230522b ||||| |||| 00| 0 eng d |
| 040 ## - CATALOGING SOURCE |
| Original cataloging agency |
SSBUL |
| Transcribing agency |
SSBUL |
| 041 ## - LANGUAGE CODE |
| Language code of text/sound track or separate title |
Shan |
| 082 ## - DEWEY DECIMAL CLASSIFICATION NUMBER |
| Classification number |
808.4 |
| 245 ## - TITLE STATEMENT |
| Title |
ၶၢဝ်းတၢင်းသီႇႁူဝ်ႇမၢႆ-14။ |
| Statement of responsibility, etc. |
ၸဝ်ႈၽေႃၵၸႃရ တႃႈၵုင်ႈ ၶပ်းၶိုင်- |
| 260 ## - PUBLICATION, DISTRIBUTION, ETC. |
| Place of publication, distribution, etc. |
တႃႈၵုင်ႈ |
| Name of publisher, distributor, etc. |
ၵတ်း |
| Date of publication, distribution, etc. |
2013 |
| 300 ## - PHYSICAL DESCRIPTION |
| Extent |
III၊ 353 ၼႃႈ |
| Other physical details |
ၶႅပ်းႁၢင်ႈ (သီ)၊ လွၵ်း |
| Dimensions |
21 ၸိၼ်ႇထီႇ |
| 500 ## - GENERAL NOTE |
| General note |
S-SAT: Dr. Prof Sai Aung Tun |
|
| General note |
ပပ်ႉၸဝ်ႈတႃႇၼႁင်းၶေႃ တွၵ်ႉတိူဝ်ႇၸၢႆးဢွင်ႇထုၼ်း |
| 504 ## - BIBLIOGRAPHY, ETC. NOTE |
| Bibliography, etc. note |
ပႃးၽိုၼ်ဢိင် |
| 650 ## - SUBJECT ADDED ENTRY--TOPICAL TERM |
| Topical term or geographic name entry element |
လိၵ်ႈႁွမ်တွမ် |
| 942 ## - ADDED ENTRY ELEMENTS (KOHA) |
| Koha item type |
Book (Short term) |
| 650 ## - SUBJECT ADDED ENTRY--TOPICAL TERM |
| 9 (RLIN) |
20801 |
|
| Source of classification or shelving scheme |
|
|
| Source of classification or shelving scheme |
|
|
| Source of classification or shelving scheme |
|